Guess the blue lock character by the picture - Statistics

General Stats
  • This quiz has been taken 5,158 times
  • The average score is 28 of 33
Answer Stats
Picture Answer % Correct
Bachira Meguru
99%
Isagi Yoichi
99%
Itoshi Rin
99%
Chigiri Hyoma
98%
Nagi Seishiro
98%
Barou Shouei
97%
Itoshi Sae
97%
Kunigami Rensuke
97%
Mikage Reo
97%
Michael Kaiser
96%
Shidou Ryusei
96%
Ego Jinpachi
94%
Niko Ikki
94%
Gagamaru Gin
93%
Noel Noa
90%
Julien Loki
89%
Oliver Aiku
89%
Karasu Tabito
87%
Otoya EIta
87%
Yukimiya Kenyu
85%
Raichi Jingo
84%
Igaguri Gurimu
82%
Alexis Ness
78%
Kurona Ranze
78%
Zantetsu Tsurguri
77%
Marc Snuffy
75%
Chris Prince
73%
Adam Blake
70%
Pablo Cavazos
70%
Lavinho
69%
Dada Silva
68%
Naruhaya Asahi
65%
Leonardo Luna
64%
No matching quizzes found
Score Distribution
Percent of People with Each Score
Percentile by Number Answered
Your Score History
You have not taken this quiz